Normal view
MARC view
- File processing (Computer science)
Entry Topical Term
001 - CONTROL NUMBER
- control field: 36729
003 - CONTROL NUMBER IDENTIFIER
- control field: NUST
005 - DATE AND TIME OF LATEST TRANSACTION
- control field: 20210314130102.0
008 - FIXED-LENGTH DATA ELEMENTS
- fixed length control field: 210314|| aca||aabn | a|a d
040 ## - CATALOGING SOURCE
- Original cataloging agency: NUST
- Transcribing agency: NUST
150 ## - HEADING--TOPICAL TERM
- Topical term or geographic name entry element: File processing (Computer science)
670 ## - SOURCE DATA FOUND
- Source citation: Work cat.: (NUST): Newcomer, Lawrence R. 36727, Schaum's outline of theory and problems of programming with advanced structured COBOL with file processing, structured systems development, and interactive considerations /, c1987.
